[Event "Washington int."]
[Site "Rockville USA"]
[Date "2016.08.13"]
[Round "2"]
[White "Yang, Kaiqi"]
[Black "Sevian, Samuel"]
[Result "0-1"]
[WhiteElo "2398"]
[BlackElo "2600"]
[PlyCount "66"]
[EventDate "2016.08.13"]
[EventType "swiss"]
[EventRounds "9"]
[EventCountry "USA"]
[Source "Chessbase"]
[SourceDate "2016.08.26"]

1. e4 e5 2. Nf3 Nc6 3. Bc4 d6 4. c3 h6 5. d4 Nf6 6. Qb3 Qe7 7. O-O g6 8. Bb5
Bd7 9. Bxc6 Bxc6 10. d5 Bd7 11. Qxb7 Qd8 12. Re1 Bg7 13. c4 O-O 14. Nc3 Nh5 15.
Nb5 a6 16. Nxc7 Rb8 17. Qa7 Qc8 18. c5 Rb7 19. Qxa6 dxc5 20. Be3 Rxc7 21. Qc4
Nf4 22. Bxf4 exf4 23. e5 Rb7 24. e6 fxe6 25. dxe6 Bb5 26. Qc2 Kh7 27. Rad1 Re7
28. a4 Be8 29. b4 Rxe6 30. Rxe6 Qxe6 31. bxc5 Rf5 32. Rd6 Qc8 33. c6 Bf8 0-1

[Event "Washington int."]
[Site "Rockville USA"]
[Date "2016.08.15"]
[Round "5"]
[White "Ashwin, Jayaram"]
[Black "Yang, Kaiqi"]
[Result "1-0"]
[WhiteElo "2465"]
[BlackElo "2398"]
[PlyCount "123"]
[EventDate "2016.08.13"]
[EventType "swiss"]
[EventRounds "9"]
[EventCountry "USA"]
[Source "Chessbase"]
[SourceDate "2016.08.26"]

1. d4 Nf6 2. Nf3 g6 3. Bg5 Bg7 4. Nbd2 O-O 5. e3 d5 6. Be2 Nbd7 7. O-O c5 8. c3
b6 9. a4 a6 10. h3 Bb7 11. b4 c4 12. b5 Ne8 13. bxa6 Rxa6 14. Qb1 Nd6 15. Qb4
Re8 16. Rfb1 Bc6 17. Bf4 Qc7 18. Ne5 Rea8 19. Nxc6 Qxc6 20. Bd1 e5 21. Bh2 Nf5
22. Qb5 Qe6 23. e4 Ne7 24. exd5 Qxd5 25. Nxc4 exd4 26. Qxd5 Nxd5 27. Bf3 dxc3
28. Bxd5 c2 29. Bxa8 Rxa8 30. Rb2 Rxa4 31. Rc1 Rxc4 32. Rbxc2 Rxc2 33. Rxc2 Bf8
34. Rc8 Nc5 35. Bf4 Ne6 36. Bh6 b5 37. Kf1 b4 38. Ke2 b3 39. Kd2 f5 40. Rb8 Kf7
41. Bxf8 Nxf8 42. h4 h6 43. Rxb3 Ne6 44. g3 g5 45. Rb7+ Kf6 46. h5 g4 47. Rb6
Ke5 48. Ke3 Kf6 49. Kd3 Ke5 50. Kc4 f4 51. gxf4+ Nxf4 52. Rxh6 Kf5 53. Rh8 Kg5
54. h6 Ng6 55. Rh7 Ne5+ 56. Kd4 Nf3+ 57. Ke3 Ne5 58. Re7 Ng6 59. h7 Kh6 60. Ra7
g3 61. fxg3 Nh8 62. Ke4 1-0

[Event "Washington int."]
[Site "Rockville USA"]
[Date "2016.08.16"]
[Round "7"]
[White "Chandra, Akshat"]
[Black "Yang, Kaiqi"]
[Result "1-0"]
[WhiteElo "2489"]
[BlackElo "2398"]
[PlyCount "69"]
[EventDate "2016.08.13"]
[EventType "swiss"]
[EventRounds "9"]
[EventCountry "USA"]
[Source "Chessbase"]
[SourceDate "2016.08.26"]

1. e4 e5 2. Nf3 Nc6 3. Bb5 Nf6 4. d3 Bc5 5. Bxc6 dxc6 6. Qe2 Nd7 7. Nbd2 O-O 8.
Nc4 Re8 9. Bd2 Bd6 10. h4 Nc5 11. h5 b5 12. Ne3 Ne6 13. Nf5 Nf4 14. Bxf4 exf4
15. Nxd6 cxd6 16. Rh4 d5 17. Rxf4 dxe4 18. Rxe4 Bg4 19. h6 Rxe4 20. Qxe4 Bxf3
21. Qxf3 Qd6 22. Qe3 Qb4+ 23. Kf1 Qxb2 24. Re1 gxh6 25. Qxh6 Qxc2 26. Qg5+ Kh8
27. Qf6+ Kg8 28. Kg1 Qxd3 29. Re3 Qd1+ 30. Kh2 Rd8 31. Qg5+ Kh8 32. Rg3 Qd4 33.
Rg4 Qxg4 34. Qxg4 Rd6 35. Qf4 1-0

[Event "CAN-op"]
[Site "Windsor CAN"]
[Date "2016.07.11"]
[Round "2.12"]
[White "Hua, Eugene"]
[Black "Yang, Kaiqi"]
[Result "0-1"]
[WhiteElo "2215"]
[BlackElo "2396"]
[PlyCount "54"]
[EventDate "2016.07.10"]
[EventType "swiss"]
[EventRounds "9"]
[EventCountry "CAN"]

1. c4 b6 2. Nc3 Bb7 3. e4 e6 4. Nge2 Nf6 5. e5 Ng8 6. d4 d6 7. exd6 Bxd6 8. Bf4
Nf6 9. Qd2 O-O 10. f3 Nbd7 11. Bxd6 cxd6 12. Nf4 e5 13. dxe5 dxe5 14. Nfd5 Nc5
15. O-O-O Bxd5 16. cxd5 a6 17. Qe3 Qd6 18. g4 b5 19. g5 b4 20. gxf6 bxc3 21.
bxc3 Na4 22. Rg1 g6 23. c4 Rab8 24. Rd3 Qxf6 25. Rb3 e4 26. Qxe4 Rxb3 27. axb3
Qb2+ 0-1

[Event "CAN-op"]
[Site "Windsor CAN"]
[Date "2016.07.12"]
[Round "3.5"]
[White "Yang, Kaiqi"]
[Black "Kiraly, Istvan"]
[Result "1-0"]
[WhiteElo "2387"]
[BlackElo "2107"]
[PlyCount "89"]
[EventDate "2016.07.10"]
[EventType "swiss"]
[EventRounds "9"]
[EventCountry "CAN"]

1. e4 c5 2. Nf3 Nc6 3. Bb5 Na5 4. O-O a6 5. Be2 b5 6. d4 cxd4 7. Nxd4 Bb7 8.
Bf3 g6 9. a4 b4 10. c3 e5 11. cxb4 Bxb4 12. Nc2 Be7 13. Ne3 Nf6 14. Nc3 O-O 15.
Ncd5 Bxd5 16. Nxd5 Nxd5 17. Qxd5 Nc6 18. Bg4 Ra7 19. Bh6 Re8 20. Rfd1 Nb4 21.
Qxe5 Bf8 22. Qd4 Nc6 23. Qe3 Bxh6 24. Qxh6 Rxe4 25. Bf3 Qh4 26. Qd2 Re6 27. Bd5
Rf6 28. Ra3 Qf4 29. Qe2 Nd4 30. Qe3 Qxe3 31. fxe3 Ne6 32. a5 Rc7 33. b4 Rc2 34.
Ra2 Rc3 35. Bb7 Nc7 36. Rf2 Rxf2 37. Kxf2 d5 38. Bxd5 Rc2+ 39. Kf3 Rb2 40.
Bxf7+ Kf8 41. Rd7 Nb5 42. Bd5 Rxb4 43. Rf7+ Ke8 44. Rxh7 g5 45. Rg7 1-0

[Event "CAN-op"]
[Site "Windsor CAN"]
[Date "2016.07.13"]
[Round "4.3"]
[White "Yang, Kaiqi"]
[Black "Tarjan, James"]
[Result "1-0"]
[WhiteElo "2387"]
[BlackElo "2447"]
[PlyCount "103"]
[EventDate "2016.07.10"]
[EventType "swiss"]
[EventRounds "9"]
[EventCountry "CAN"]

1. e4 c6 2. d4 d5 3. e5 c5 4. Nf3 cxd4 5. Nxd4 Nc6 6. c4 e6 7. Nc3 Bb4 8. Nxc6
bxc6 9. Qa4 Rb8 10. Bd2 Qa5 11. Qxa5 Bxa5 12. b3 Ne7 13. f4 Bxc3 14. Bxc3 c5
15. Bb2 dxc4 16. Bxc4 Nd5 17. g3 Ne3 18. Rc1 Nxc4 19. Rxc4 O-O 20. Ba3 Bb7 21.
Rg1 Bd5 22. Rxc5 Rfc8 23. Kd2 Rxc5 24. Bxc5 a6 25. Rc1 h5 26. Bd6 Ra8 27. Rc7
a5 28. Kc3 a4 29. Kb2 axb3 30. axb3 Ra5 31. h4 Be4 32. Bc5 Bd5 33. Bd6 Be4 34.
b4 Rd5 35. Rc3 Kh7 36. Kb3 Kg6 37. Ka4 Rd2 38. b5 Rb2 39. Ka5 Kf5 40. b6 Kg4
41. Bf8 Ra2+ 42. Kb5 Rb2+ 43. Kc5 g6 44. Be7 Bf3 45. Rc4 Kxg3 46. Bg5 Bb7 47.
Rd4 Rc2+ 48. Kd6 Rc6+ 49. Ke7 Rxb6 50. Kxf7 Bf3 51. Rd6 Rb4 52. Kxe6 1-0

[Event "CAN-op"]
[Site "Windsor CAN"]
[Date "2016.07.14"]
[Round "5.1"]
[White "Szabo, Gergely"]
[Black "Yang, Kaiqi"]
[Result "1/2-1/2"]
[WhiteElo "2563"]
[BlackElo "2387"]
[PlyCount "35"]
[EventDate "2016.07.10"]
[EventType "swiss"]
[EventRounds "9"]
[EventCountry "CAN"]

1. c4 Nf6 2. g3 g6 3. Bg2 Bg7 4. Nc3 c5 5. Nf3 Nc6 6. d4 cxd4 7. Nxd4 O-O 8.
O-O Qa5 9. Nb3 Qh5 10. e4 d6 11. Qxh5 Nxh5 12. Nd5 a5 13. Rb1 a4 14. Na1 Nf6
15. Nb6 Ra6 16. Nxc8 Rxc8 17. Nc2 Nd7 18. Rd1 1/2-1/2

[Event "CAN-op"]
[Site "Windsor CAN"]
[Date "2016.07.16"]
[Round "7.2"]
[White "Peredun, Andrew"]
[Black "Yang, Kaiqi"]
[Result "1-0"]
[WhiteElo "2283"]
[BlackElo "2387"]
[PlyCount "67"]
[EventDate "2016.07.10"]
[EventType "swiss"]
[EventRounds "9"]
[EventCountry "CAN"]

1. d4 Nf6 2. c4 g6 3. Nc3 d5 4. Nf3 Bg7 5. Bg5 dxc4 6. e4 c5 7. dxc5 Qa5 8.
Bxc4 Qxc5 9. Bb3 Nc6 10. O-O O-O 11. Rc1 Bg4 12. Nd5 Qa5 13. h3 Bxf3 14. Qxf3
Nxd5 15. exd5 Nd4 16. Qd3 e6 17. Be7 Rfe8 18. d6 Nc6 19. Bh4 g5 20. Bg3 Rad8
21. f4 Nd4 22. fxg5 Qxg5 23. Rc7 Qxg3 24. Qxg3 Ne2+ 25. Kh2 Nxg3 26. Kxg3 Be5+
27. Kg4 Rxd6 28. Rcxf7 Rd2 29. Kh5 Kh8 30. g4 Rh2 31. R1f3 Bxb2 32. Kh6 Bc1+
33. g5 Bb2 34. Rf8+ 1-0

[Event "CAN-op"]
[Site "Windsor CAN"]
[Date "2016.07.16"]
[Round "8.2"]
[White "Yang, Kaiqi"]
[Black "Antal, Gergely"]
[Result "0-1"]
[WhiteElo "2396"]
[BlackElo "2522"]
[PlyCount "150"]
[EventDate "2016.07.10"]
[EventType "swiss"]
[EventRounds "9"]
[EventCountry "CAN"]

1. e4 c6 2. d4 d5 3. e5 c5 4. Nf3 Bg4 5. Bb5+ Nc6 6. dxc5 e6 7. b4 g6 8. Nbd2
Bg7 9. Bb2 Nge7 10. h3 Bxf3 11. Nxf3 O-O 12. a3 Qc7 13. Qe2 a6 14. Bxc6 Nxc6
15. b5 Nb8 16. c4 dxc4 17. Rc1 Qxc5 18. Qxc4 Qxc4 19. Rxc4 Nd7 20. Rc7 Nb6 21.
Bd4 Nd5 22. Rxb7 Rfc8 23. O-O a5 24. Ra7 Rxa7 25. Bxa7 Rc7 26. Bd4 Bf8 27. Nd2
Bc5 28. Nb3 Bxd4 29. Nxd4 Rc3 30. Rb1 Nb6 31. Re1 Kg7 32. Kf1 Rd3 33. Nc6 a4
34. Nb4 Rxa3 35. Nc6 f6 36. Ke2 Rb3 37. exf6+ Kxf6 38. Nd4 Rb2+ 39. Kd3 e5 40.
Nc2 Rb3+ 41. Ke4 Nc4 42. f4 Nd6+ 43. Kd5 Ne8 44. fxe5+ Ke7 45. Rf1 Rc3 46. Rf2
Nc7+ 47. Kd4 Nxb5+ 48. Kd5 Nc7+ 49. Ke4 Nb5 50. Nd4 Rc4 51. Kd5 Rxd4+ 52. Kc5
Re4 53. Kxb5 Ke8 54. e6 Rd4 55. e7 Kd7 56. Re2 Ke8 57. Rf2 Kd7 58. Re2 Ke8 59.
Kc5 Rd7 60. Kb4 Ra7 61. g4 Ra6 62. Kb5 Ra7 63. Rc2 Kd7 64. Kb4 a3 65. Kb5 Ra8
66. Kb4 Ra6 67. Ra2 Ra8 68. Kc4 Kxe7 69. h4 Ra4+ 70. Kd3 Kd6 71. Ke3 Kd5 72. h5
Kc4 73. Rxa3 Rxa3+ 74. Kf4 Ra8 75. hxg6 h6 0-1

[Event "CAN-op"]
[Site "Windsor CAN"]
[Date "2016.07.17"]
[Round "9.5"]
[White "Song, Edward"]
[Black "Yang, Kaiqi"]
[Result "1/2-1/2"]
[WhiteElo "2305"]
[BlackElo "2387"]
[PlyCount "117"]
[EventDate "2016.07.10"]
[EventType "swiss"]
[EventRounds "9"]
[EventCountry "CAN"]

1. e4 e5 2. Nf3 Nc6 3. Bb5 a6 4. Ba4 Nf6 5. O-O Be7 6. Re1 b5 7. Bb3 d6 8. c3
O-O 9. d4 Bg4 10. Be3 exd4 11. cxd4 Na5 12. Bc2 Nc4 13. Bc1 c5 14. d5 Nd7 15.
h3 Bh5 16. g4 Bg6 17. Nbd2 Nxd2 18. Bxd2 Bf6 19. Rb1 Re8 20. Nh2 Bd4 21. Nf3
Rc8 22. Kg2 h6 23. Nxd4 cxd4 24. f3 Qf6 25. Rc1 d3 26. Bxd3 Qxb2 27. Rc2 Qf6
28. Rxc8 Rxc8 29. Qe2 Qb2 30. Be3 Qa3 31. Bd4 f6 32. Bb1 Ne5 33. Bb2 Qb4 34.
Rd1 Nc4 35. Bd4 Na3 36. Qb2 Qa5 37. Bd3 Qa4 38. Rc1 Rxc1 39. Qxc1 Qxd4 40. Qxa3
Kh7 41. Be2 Qb6 42. Qc3 h5 43. Kf1 Bf7 44. Qc8 h4 45. g5 Qc5 46. Qf5+ Kg8 47.
g6 Be8 48. Kg2 Kf8 49. Qh5 Bxg6 50. Qxg6 Qc2 51. Kf2 Qc5+ 52. Kf1 Qc1+ 53. Kf2
Qc5+ 54. Ke1 Qc3+ 55. Kd1 Qa1+ 56. Kd2 Qb2+ 57. Ke3 Qc1+ 58. Kf2 Qc5+ 59. Kg2
1/2-1/2

[Event "World op"]
[Site "Philadelphia USA"]
[Date "2016.07.01"]
[Round "3"]
[White "Yang, Kaiqi"]
[Black "Shabalov, Alexander"]
[Result "1/2-1/2"]
[WhiteElo "2381"]
[BlackElo "2533"]
[PlyCount "67"]
[EventDate "2016.06.30"]
[EventType "swiss"]
[EventRounds "9"]
[EventCountry "USA"]
[Source "Chess Mix"]

1. e4 c6 2. d4 d5 3. e5 Bf5 4. Nf3 e6 5. Be2 Nd7 6. O-O Bg6 7. Nbd2 Nh6 8. Nb3
Be7 9. a4 O-O 10. a5 f6 11. Bxh6 gxh6 12. c4 Re8 13. Bd3 Bh5 14. Re1 Bf8 15. h3
Bxf3 16. Qxf3 fxe5 17. dxe5 Qg5 18. Qg4 Nc5 19. Nxc5 Bxc5 20. cxd5 cxd5 21. Ra4
Kh8 22. Qxg5 hxg5 23. Rc1 Rac8 24. Kf1 Rf8 25. Rc2 Be7 26. Ke2 Rxc2+ 27. Bxc2
Bc5 28. f3 Rf4 29. g3 Rb4 30. Rxb4 Bxb4 31. a6 bxa6 32. f4 h6 33. f5 exf5 34.
Bxf5 1/2-1/2

[Event "World op"]
[Site "Philadelphia USA"]
[Date "2016.07.03"]
[Round "6"]
[White "Panchanathan, Magesh"]
[Black "Yang, Kaiqi"]
[Result "1/2-1/2"]
[WhiteElo "2518"]
[BlackElo "2381"]
[PlyCount "172"]
[EventDate "2016.06.30"]
[EventType "swiss"]
[EventRounds "9"]
[EventCountry "USA"]
[Source "Chess Mix"]

1. d4 Nf6 2. Nf3 g6 3. g3 Bg7 4. Bg2 O-O 5. O-O d5 6. c4 dxc4 7. Na3 Nc6 8.
Nxc4 Be6 9. Na3 Bd5 10. Nb5 Ne4 11. Bf4 Nd6 12. Bxd6 cxd6 13. Qa4 a6 14. Nc3
Bxf3 15. Bxf3 Nxd4 16. Bxb7 Rb8 17. Qxa6 Qc7 18. Be4 Rxb2 19. Rac1 Qxc3 20.
Rxc3 Nxe2+ 21. Kg2 Nxc3 22. Qc4 Rxa2 23. Bf3 e6 24. Rc1 d5 25. Qb3 Bd4 26. Rxc3
Rxf2+ 27. Kh3 Bxc3 28. Qxc3 Ra8 29. g4 d4 30. Qb3 Rc8 31. Kh4 h6 32. g5 hxg5+
33. Kxg5 Kg7 34. Be4 Rxh2 35. Qb4 Rh5+ 36. Kg4 f5+ 37. Kg3 Rg5+ 38. Kf2 Kh6 39.
Qb7 Rh8 40. Bf3 e5 41. Qc7 f4 42. Qd7 Rf8 43. Qh3+ Kg7 44. Qd7+ Rf7 45. Qd8
Rgf5 46. Be4 R5f6 47. Bd5 Ra7 48. Qg8+ Kh6 49. Qb8 Raa6 50. Qxe5 Rad6 51. Qxd4
Rf5 52. Qh8+ Kg5 53. Be4 Ra5 54. Qc3 Rda6 55. Bd3 Ra7 56. Kf3 Rd5 57. Qc4 Rxd3+
58. Qxd3 Rf7 59. Qd8+ Kf5 60. Qe8 Kf6 61. Kxf4 Kg7+ 62. Ke5 Rf5+ 63. Ke6 Kh7
64. Qe7+ Kg8 65. Qd8+ Kg7 66. Qh4 Rf7 67. Qb4 Rf5 68. Ke7 Rf7+ 69. Ke8 Rf5 70.
Qd6 Kh7 71. Qh2+ Kg7 72. Qh4 Rf8+ 73. Ke7 Rf7+ 74. Kd6 Rf6+ 75. Ke5 Rf7 76. Qd8
Rf5+ 77. Ke6 Kh7 78. Qc7+ Kg8 79. Qh2 Kg7 80. Qh4 Rf7 81. Qd4+ Kg8 82. Qe3 Kg7
83. Qe5+ Kg8 84. Qd4 Rf5 85. Qd7 Kh8 86. Ke7 Kg7 1/2-1/2

[Event "World op"]
[Site "Philadelphia USA"]
[Date "2016.07.03"]
[Round "7"]
[White "Yang, Kaiqi"]
[Black "Sevian, Samuel"]
[Result "1/2-1/2"]
[WhiteElo "2381"]
[BlackElo "2603"]
[PlyCount "164"]
[EventDate "2016.06.30"]
[EventType "swiss"]
[EventRounds "9"]
[EventCountry "USA"]
[Source "Chess Mix"]

1. e4 e6 2. d4 d5 3. exd5 exd5 4. Nf3 Bd6 5. c4 Nf6 6. Nc3 dxc4 7. Bxc4 O-O 8.
O-O a6 9. a4 Nc6 10. h3 h6 11. Re1 Re8 12. Rxe8+ Qxe8 13. Bd2 Bf5 14. a5 Nb4
15. Ne5 Be6 16. Qb3 Rb8 17. Re1 Bxc4 18. Nxc4 Qf8 19. Nxd6 Qxd6 20. Bf4 Qxf4
21. Qxb4 b6 22. Re7 Qc1+ 23. Kh2 Qf4+ 24. Kg1 Qd6 25. Qxd6 cxd6 26. Ra7 bxa5
27. Rxa6 Rxb2 28. Rxa5 Rb4 29. Ra4 Rb6 30. Kf1 Rc6 31. Nd1 Nd5 32. g3 g6 33.
Ne3 Nf6 34. Ke2 Kg7 35. Kf3 Rb6 36. Rc4 Rb3 37. Rc6 d5 38. Ke2 Rb4 39. Nc2 Rb2
40. g4 Rb1 41. Ne1 Ne4 42. Nd3 Rh1 43. f3 Ng5 44. Nf4 Nxh3 45. Nxh3 Rxh3 46.
Rd6 h5 47. Rxd5 Rh2+ 48. Ke3 h4 49. Ra5 Rg2 50. Ra1 h3 51. Rh1 h2 52. g5 f5 53.
gxf6+ Kxf6 54. f4 Kf5 55. Kf3 Rd2 56. Kg3 Rxd4 57. Rxh2 Rd3+ 58. Kh4 Rf3 59.
Ra2 Rxf4+ 60. Kg3 Rg4+ 61. Kf3 Kg5 62. Ra1 Rb4 63. Kg3 Rb3+ 64. Kg2 Kh5 65. Ra4
Rd3 66. Rb4 g5 67. Ra4 Kg6 68. Rb4 Kf5 69. Ra4 Ke5 70. Rb4 Rd4 71. Rxd4 Kxd4
72. Kg3 Ke5 73. Kg4 Kf6 74. Kg3 Kf5 75. Kf3 g4+ 76. Kg3 Kg5 77. Kg2 Kf4 78. Kf2
g3+ 79. Kg2 Kg4 80. Kg1 Kf3 81. Kf1 g2+ 82. Kg1 Kg3 1/2-1/2

[Event "World op"]
[Site "Philadelphia USA"]
[Date "2016.07.04"]
[Round "8"]
[White "Yang, Kaiqi"]
[Black "Arun Prasad, Subramanian"]
[Result "1/2-1/2"]
[WhiteElo "2381"]
[BlackElo "2502"]
[PlyCount "84"]
[EventDate "2016.06.30"]
[EventType "swiss"]
[EventRounds "9"]
[EventCountry "USA"]
[Source "Chessbase"]
[SourceDate "2016.07.17"]

1. e4 e6 2. d4 d5 3. Nc3 Nf6 4. e5 Nfd7 5. f4 c5 6. Nf3 Nc6 7. Be3 Be7 8. a3 b6
9. Bd3 O-O 10. O-O f5 11. exf6 Nxf6 12. Ne5 Qc7 13. Kh1 a6 14. Nxc6 Qxc6 15.
Bg1 Bd6 16. Qe1 Ra7 17. dxc5 bxc5 18. b4 Raf7 19. Bxc5 Bxc5 20. bxc5 Qxc5 21.
Ne2 Nh5 22. Qh4 g6 23. Rf3 e5 24. fxe5 Rxf3 25. gxf3 Qe3 26. Ng1 Qxe5 27. Re1
Qf4 28. Qe7 Qd4 29. Qd6 Nf4 30. Re4 Qf6 31. Qxf6 Rxf6 32. Re8+ Rf8 33. Rxf8+
Kxf8 34. Ne2 Nxe2 35. Bxe2 Ke7 36. Kg2 Kd6 37. c3 Ke5 38. Kg3 g5 39. Bd3 h6 40.
Bg6 a5 41. Bf7 Bd7 42. h4 d4 1/2-1/2

[Event "Philadelphia op"]
[Site "Philadelphia USA"]
[Date "2016.03.24"]
[Round "3"]
[White "Yang, Kaiqi"]
[Black "Chirila, Ioan Christian"]
[Result "0-1"]
[WhiteElo "2380"]
[BlackElo "2524"]
[PlyCount "124"]
[EventDate "2016.03.23"]
[EventType "swiss"]
[EventRounds "9"]
[EventCountry "USA"]
[Source "Chessbase"]
[SourceDate "2016.04.03"]

1. e4 e5 2. Nf3 Nc6 3. Bb5 a6 4. Ba4 Nf6 5. O-O Be7 6. Re1 b5 7. Bb3 d6 8. c3
O-O 9. h3 Bb7 10. d4 Nd7 11. Nbd2 exd4 12. cxd4 Bf6 13. Nf1 Na5 14. Bc2 Re8 15.
N1h2 c5 16. d5 Nc4 17. Rb1 Nce5 18. Ng4 Nxg4 19. hxg4 Ne5 20. Nxe5 Bxe5 21. g5
g6 22. g3 a5 23. Kg2 Qd7 24. Rh1 a4 25. Qf3 b4 26. Bf4 f6 27. gxf6 Bxf6 28. Bd3
Ba6 29. Bxa6 Rxa6 30. Qd3 Rb6 31. b3 axb3 32. axb3 Rb7 33. Rhe1 Ra7 34. Re2 Bc3
35. Rd1 Bd4 36. Rdd2 Rea8 37. Qc4 Ra1 38. e5 Qf5 39. Rc2 g5 40. Bc1 Bxe5 41.
Qe4 Qxe4+ 42. Rxe4 h6 43. f4 gxf4 44. gxf4 R8a2 45. Rxa2 Rxa2+ 46. Kf3 Bd4 47.
f5 Rf2+ 48. Kg4 h5+ 49. Kg5 Kf7 50. Bf4 Bf6+ 51. Kxh5 Be5 52. Be3 Re2 53. Rxe5
dxe5 54. Bxc5 Kf6 55. Kg4 Rd2 56. Kf3 Rxd5 57. Bxb4 Rd3+ 58. Ke2 Rxb3 59. Bc5
Kxf5 60. Ba7 Ke4 61. Bc5 Rb2+ 62. Ke1 Kd3 0-1

[Event "Philadelphia op"]
[Site "Philadelphia USA"]
[Date "2016.03.26"]
[Round "6"]
[White "Kadric, Denis"]
[Black "Yang, Kaiqi"]
[Result "1-0"]
[WhiteElo "2546"]
[BlackElo "2380"]
[PlyCount "87"]
[EventDate "2016.03.23"]
[EventType "swiss"]
[EventRounds "9"]
[EventCountry "USA"]
[Source "Chessbase"]
[SourceDate "2016.04.03"]

1. e4 e5 2. Nf3 Nc6 3. Bc4 Bc5 4. O-O d6 5. c3 Nf6 6. d3 a6 7. Bb3 Ba7 8. Re1
O-O 9. h3 Ne7 10. Nbd2 Ng6 11. Nf1 Nh5 12. d4 exd4 13. cxd4 Nhf4 14. Ng3 Be6
15. Bc2 Re8 16. Be3 Bd7 17. Qd2 Ne6 18. Rad1 Nh4 19. Nh2 Qc8 20. Bb1 Nf8 21. f4
f5 22. e5 c5 23. Qf2 Nfg6 24. Nf3 cxd4 25. Bxd4 Nxf3+ 26. Qxf3 Bxd4+ 27. Rxd4
dxe5 28. fxe5 Qc5 29. Qd5+ Qxd5 30. Rxd5 Bc6 31. Rc5 Nf4 32. Nxf5 Nxg2 33. Rf1
Rad8 34. Bc2 Rd2 35. Bb3+ Kf8 36. Nd6+ Ke7 37. Rf7+ Kd8 38. Nxb7+ Bxb7 39. Rxb7
Re7 40. Rb8+ Kd7 41. Rb6 Kd8 42. e6 Ra7 43. Rb8+ Ke7 44. Rf5 1-0

[Event "North American op"]
[Site "Las Vegas USA"]
[Date "2015.12.27"]
[Round "3"]
[White "Yang, Kaiqi"]
[Black "Akobian, Varuzhan"]
[Result "0-1"]
[WhiteElo "2370"]
[BlackElo "2618"]
[PlyCount "86"]
[EventDate "2015.12.26"]
[EventType "swiss"]
[EventRounds "9"]
[EventCountry "USA"]
[Source "Chess Mix"]

1. e4 e6 2. d4 d5 3. Nc3 Nf6 4. e5 Nfd7 5. f4 c5 6. Nf3 Nc6 7. Be3 cxd4 8. Nxd4
Bc5 9. Qd2 O-O 10. O-O-O a6 11. Kb1 Nxd4 12. Bxd4 b5 13. h4 b4 14. Na4 Bxd4 15.
Qxd4 a5 16. h5 Ba6 17. f5 Qc7 18. h6 g6 19. Bxa6 Rxa6 20. Rhe1 Rc6 21. Qh4 Rc4
22. Rd4 Rc8 23. Rxc4 Qxc4 24. Qf2 gxf5 25. b3 Qg4 26. g3 Qg5 27. Qa7 Qd2 28.
Rc1 Nxe5 29. Qb7 Rf8 30. Nb6 Qxh6 31. Qc7 Qe3 32. Rh1 d4 33. Nd7 Nxd7 34. Qxd7
Qc3 35. Qe7 Rc8 36. Qg5+ Kf8 37. Qh6+ Ke8 38. Qxh7 Qxc2+ 39. Ka1 Qc3+ 40. Kb1
d3 41. Qg8+ Ke7 42. Qg5+ Kd7 43. Qh5 d2 0-1

[Event "North American op"]
[Site "Las Vegas USA"]
[Date "2015.12.28"]
[Round "5"]
[White "Yang, Kaiqi"]
[Black "Bykovtsev, Agata"]
[Result "1-0"]
[WhiteElo "2370"]
[BlackElo "2214"]
[PlyCount "100"]
[EventDate "2015.12.26"]
[EventType "swiss"]
[EventRounds "9"]
[EventCountry "USA"]
[Source "Chess Mix"]

1. e4 c5 2. Nf3 d6 3. Bb5+ Nd7 4. O-O Ngf6 5. Re1 a6 6. Bd3 b6 7. c3 e6 8. Bc2
Be7 9. d4 O-O 10. e5 Nd5 11. c4 Nc7 12. dxc5 Nxc5 13. b4 Nb7 14. Qd3 g6 15. Qe3
dxe5 16. Rd1 Qe8 17. Qxe5 Bd8 18. Nc3 f6 19. Qg3 e5 20. Be3 Ne6 21. Nd5 b5 22.
c5 Ng7 23. Rac1 Be6 24. Qh4 Qf7 25. Bh6 a5 26. Nc3 axb4 27. Nxb5 Nxc5 28. Nd6
Qe7 29. Qxb4 Na6 30. Qb2 Bc7 31. Nb5 Rab8 32. a4 Ba5 33. Bb3 Bxb3 34. Qxb3+ Kh8
35. Rc6 Nc7 36. Qc4 Nxb5 37. axb5 Rfd8 38. Bxg7+ Kxg7 39. Rc1 Bb6 40. g3 Qa7
41. Qe6 Rf8 42. Kg2 Rf7 43. R1c2 Bd8 44. Rd2 Qe7 45. Qc4 Qb7 46. g4 Ba5 47. Rd5
Bb6 48. Nd2 Bd4 49. Ne4 Qa7 50. Nd6 Re7 1-0

[Event "North American op"]
[Site "Las Vegas USA"]
[Date "2015.12.28"]
[Round "6"]
[White "Morshedi, Ali"]
[Black "Yang, Kaiqi"]
[Result "0-1"]
[WhiteElo "2232"]
[BlackElo "2370"]
[PlyCount "102"]
[EventDate "2015.12.26"]
[EventType "swiss"]
[EventRounds "9"]
[EventCountry "USA"]
[Source "Chess Mix"]

1. c4 Nf6 2. g3 c5 3. Bg2 d5 4. cxd5 Nxd5 5. Nc3 Nc7 6. Nf3 Nc6 7. O-O e5 8. a3
Rb8 9. d3 Be7 10. Bd2 O-O 11. Qb1 f6 12. Rc1 Be6 13. Ne4 Na6 14. Be3 Nd4 15.
Bxd4 exd4 16. b4 b6 17. Ned2 Nc7 18. Qb2 Nd5 19. Re1 Qd7 20. bxc5 bxc5 21. Qc2
Bf7 22. Nc4 Rfe8 23. Nfd2 Bf8 24. Ne4 h6 25. Kf1 Nb6 26. Ned2 Qf5 27. Kg1 Qd7
28. Nxb6 axb6 29. a4 h5 30. Nc4 h4 31. Rab1 b5 32. axb5 Rxb5 33. Rxb5 Qxb5 34.
Bf3 Rb8 35. Ra1 Qd7 36. Kg2 h3+ 37. Kg1 g5 38. Bh1 Rb4 39. Bf3 Kg7 40. Nd2 Be7
41. Nc4 Be6 42. Ba8 Qb5 43. f3 Rb3 44. Ra7 Rc3 45. Nd6 Qb8 46. Rxe7+ Kf8 47.
Rxe6 Rxc2 48. Re8+ Qxe8 49. Nxe8 Kxe8 50. Kf2 c4 51. Bc6+ Ke7 0-1

[Event "North American op"]
[Site "Las Vegas USA"]
[Date "2015.12.29"]
[Round "8"]
[White "Rowe, Duane"]
[Black "Yang, Kaiqi"]
[Result "0-1"]
[WhiteElo "2196"]
[BlackElo "2370"]
[PlyCount "59"]
[EventDate "2015.12.26"]
[EventType "swiss"]
[EventRounds "9"]
[EventCountry "USA"]
[Source "Chess Mix"]

1. e4 e5 2. Nf3 Nc6 3. Bc4 Bc5 4. b4 Bxb4 5. c3 Ba5 6. d4 d6 7. Qb3 Qd7 8. dxe5
Bb6 9. Qc2 Nxe5 10. Nxe5 dxe5 11. O-O Qe7 12. a4 Nf6 13. Nd2 Bc5 14. Nb3 Bd6
15. Rd1 O-O 16. Na5 b6 17. Nb3 Bb7 18. Bd3 a5 19. Bg5 h6 20. Bh4 Qe6 21. c4 Nd7
22. f3 Nc5 23. Nc1 Be7 24. Bf2 Rfd8 25. Ne2 Ba6 26. Bxc5 Bxc5+ 27. Kh1 Rd6 28.
Rdb1 Rad8 29. Rb3 Qd7 30. Rd1 0-1

[Event "North American op"]
[Site "Las Vegas USA"]
[Date "2015.12.30"]
[Round "9"]
[White "Yang, Kaiqi"]
[Black "Yang, Darwin"]
[Result "1/2-1/2"]
[WhiteElo "2370"]
[BlackElo "2473"]
[PlyCount "95"]
[EventDate "2015.12.26"]
[EventType "swiss"]
[EventRounds "9"]
[EventCountry "USA"]
[Source "Chess Mix"]

1. e4 e6 2. d4 d5 3. Nc3 Bb4 4. Qd3 Nf6 5. e5 Ne4 6. a3 Ba5 7. b4 Bb6 8. Nce2
f6 9. Nh3 fxe5 10. dxe5 Nc6 11. Bb2 a5 12. f3 Ng5 13. Nxg5 Qxg5 14. f4 Qe7 15.
b5 Nb8 16. f5 Nd7 17. f6 gxf6 18. exf6 Nxf6 19. Nf4 Rf8 20. Be2 Bd7 21. Nh5 Ne4
22. Ng7+ Kd8 23. O-O-O Nf2 24. Qxh7 Nxh1 25. Rxh1 Qg5+ 26. Kb1 Qxg2 27. Re1 Kc8
28. Bd3 Kb8 29. h4 Ka7 30. h5 d4 31. Nxe6 Bxe6 32. Rxe6 Rh8 33. Qe4 Qxe4 34.
Rxe4 Rxh5 35. Bxd4 Bxd4 36. Rxd4 Kb6 37. Kb2 Rf8 38. Rg4 c6 39. Rg6 Rxb5+ 40.
Bxb5 Kxb5 41. Rg4 Rf3 42. Re4 c5 43. a4+ Kc6 44. Rh4 Rf6 45. Kb3 b5 46. axb5+
Kxb5 47. Rg4 Rf3+ 48. c3 1/2-1/2

[Event "Edward Lasker mem."]
[Site "New York USA"]
[Date "2015.12.11"]
[Round "1"]
[White "Bennett, David Michael"]
[Black "Yang, Kaiqi"]
[Result "0-1"]
[WhiteElo "2098"]
[BlackElo "2376"]
[PlyCount "52"]
[EventDate "2015.12.11"]
[EventType "swiss"]
[EventRounds "9"]
[EventCountry "USA"]
[Source "Chessbase"]
[SourceDate "2016.01.15"]

1. c4 Nf6 2. g3 c5 3. Bg2 d5 4. cxd5 Nxd5 5. Nc3 Nc7 6. Nf3 Nc6 7. d3 e5 8. Nd2
Be7 9. Nc4 f6 10. O-O Bd7 11. f4 b5 12. Ne3 exf4 13. Rxf4 Rb8 14. Nf5 O-O 15.
Qf1 Ne5 16. Nd5 Nxd5 17. Bxd5+ Kh8 18. Be4 c4 19. Be3 g5 20. Rf2 Ng4 21. Bxa7
Rc8 22. Rg2 Bc5+ 23. Bxc5 Rxc5 24. Nd4 cxd3 25. Bxd3 Qb6 26. Qf3 Re5 0-1